000
00251nam a2200097Ia 4500
001
817716
005
20250826171740.0
008
250824s9999 xx 000 0 und d
245
0
_a
KUŞLARIN KALBİME DOKUNMAK
_c
VURAL KAYA
260
_b
KAYALIPARK YAYINLARI
999
_c
817716
_d
817716